000 00658nam a2200181Ia 4500
008 151202s9999||||xx |||||||||||||| ||und||
082 _bPNVM-44967
100 _aगावसकर सुनील/अनु. पंडित बाळ
245 _aआयडॉल्स.
260 _b"उत्कर्ष प्रकाशन,पुणे."
260 _c1984
300 _a308
600 _aगावसकर सुनील/अनु. पंडित बाळ
630 _aआयडॉल्स.
700 _aगावसकर सुनील/अनु. पंडित बाळ
730 _aआयडॉल्स.
942 _cBOOK
999 _c1310919
_d1310916